| 000 | 00920cab a2200205 4500 | ||
|---|---|---|---|
| 001 | ##L135039 | ||
| 008 | 060920n2006 000 0 eng u | ||
| 035 | _a(Sirsi) u135039 | ||
| 041 | 0 | _aeng | |
| 245 | 0 | 0 | _aRetail oversupply casts pall over malls |
| 260 | _c2006 | ||
| 490 | 0 |
_aEstates Gazette _v(0637) 16 September 2006, 44(1) |
|
| 520 | _aA news item reporting the publication of Verdict's report "UK town centre retailing 2006". The publication indicates that the surge of supply in shopping centre space will force down rents and lead to landlords offering greater incentives to retailers. | ||
| 590 | _aIKA031006 | ||
| 650 | 2 | 4 | _aVERDICT UK TOWN CENTRE RETAILING |
| 651 | 4 |
_aUnited Kingdom _y |
|
| 690 | _aPROPERTY-COMMERCIAL PROPERTY-RETAIL PROPERTY-TOWN CENTRE RETAIL PROPERTY | ||
| 856 | 4 | 0 |
_uhttps://www.verdict.co.uk. _zMore information on the report is available at www.verdict.co.uk... |
| 942 | _n0 | ||
| 999 |
_c77763 _d77763 |
||